000 00500nam a2200181Ia 4500
003 OSt
005 20260120101944.0
008 210210b1947 xxu||||| |||| 00| 0 eng d
040 _cAL
041 _aKannada
082 _a859/26
100 _aANANTA NARAYANA (S)
_9147837
_d ಅನಂತ ನಾರಾಯಣ (ಎಸ್)
245 _aMuruku mantapa:
_b ಮುರುಕು ಮಂಟಪ
260 _aDharavada
_b-
_c1947
690 _aKannada Fiction
_9147838
906 _a020812
942 _2ddc
_cBK
999 _c144970
_d144970